1001 vocabulary question practice book / (Record no. 139956)

MARC details
000 -LEADER
fixed length control field 00526nam a22001817a 4500
005 - DATE AND TIME OF LATEST TRANSACTION
control field 20170516143030.0
010 ## - LCCN (DPL NO)
LC control number ENG-118174
020 ## - INTERNATIONAL STANDARD BOOK NUMBER
International Standard Book Number 9788193223253
Terms of availability 195.00
035 ## - SYSTEM CONTROL NUMBER
System control number EN-101706
037 ## - SOURCE OF ACQUISITION
Source of stock number/acquisition DBAD/PUB
082 ## - DEWEY DECIMAL CLASSIFICATION NUMBER
Classification number 488.0072
100 ## - MAIN ENTRY--PERSONAL NAME
Personal name K. K. Singh
245 ## - TITLE STATEMENT
Title 1001 vocabulary question practice book /
Statement of responsibility, etc K. K. Singh
260 ## - PUBLICATION, DISTRIBUTION, ETC. (IMPRINT)
Place of publication, distribution, etc Delhi
Name of publisher, distributor, etc Maheshwari Prakashan
Date of publication, distribution, etc 2016
270 ## - ADDRESS
Address 911/7C, Faridabad, - 121006 Delhi/NCR,
300 ## - PHYSICAL DESCRIPTION
Extent 127p.
Dimensions 24cm. (pbk)
942 ## - ADDED ENTRY ELEMENTS (KOHA)
Source of classification or shelving scheme Dewey Decimal Classification
Item type English Books
Classification part 488.0072
Call number suffix SIN
Holdings
Withdrawn status Lost status Not for loan Collection code Home library Current library Date acquired Source of acquisition Cost, normal purchase price Full call number Barcode Copy number Cost, replacement price Koha item type
    Not For Loan Non-fiction D.B.Act.Division Bawana 16/05/2017 DBAD/PUB 195.00 488.0072 SIN EN-101706 1 195.00 English Books

© Delhi Public Library
Hit Counter
free hit counter